000 01522nam a2200325 c 4500
003 BLK
005 20190111163530.0
008 180409b bul|||||r ||||||| ||bul||
010 _aKNG00129428000
040 _aBLK
041 _aBUL
_cBUL
080 _aСпортна стрелба. Стрелба по мишени
_b799.3
_x(075.8)
_z799.3(075.8)
100 1 _aАчкаканов, Иван Борисов
_eпърви автор
_9269497
700 1 _aАтанасов, Петър
_eсъавт.
_gГригоров, Петър Атанасов
_9366385
139 _aАчкаканов, Иван Борисов и др.
_bА 97
245 1 0 _aСпортна стрелба
_bУчебник за студентите от ВИФ Г. Димитров
_cИван Борисов Ачкаканов; съавт. Петър Атанасов.
257 _aBGR
260 София
_bМедицина и физкултура
_c1987
_fПловдив : Д. Благоев
300 _a132 с.
_bс черт., табл., диагр., 8 л. ил.
_c22 см
380 _a79
500 _a4 086 тир. - Библиогр. с. 129-130.
650 4 _aСпортна стрелба - учебници за ВУЗ
_9318417
653 _aспортна стрелба
653 _aучебници за ВУЗ
852 _aЦб 148145
856 4 _qpdf
_u
856 4 _qpdf
_u
942 _cKNG
_n0
_01
944 _aCR
_c30.03.2012
_l30.03.2012 - от С1,Р / 30.03.2012
_kДиана_Димитрова
944 _aED
_c30.03.2012
_l30.03.2012 - от С1,Р / 30.03.2012
_k
999 _c123765
_d123765